LEADER 01570nam2-2200481li-450 001 990000228790203316 005 20180312154833.0 010 $a1-7167-8284-7 035 $a0022879 035 $aUSA010022879 035 $a(ALEPH)000022879USA01 035 $a0022879 100 $a20001109d1995----km-y0itay0103----ba 101 0 $aeng 102 $aUS 200 1 $aFoundations of computer science$fAlfred V. Aho, Jeffrey D. Ullman 205 $aC ed 210 $aNew-York$cW. H. Freeman and Company$dcopyr. 1995 215 $aXIII, 786 p.$cill.$d24 cm 225 2 $aPrinciples of computer science series$v0 410 0$10010022880$12001$aPrinciples of computer science series 610 1 $aelaboratori elettronici$amanuali 610 1 $alinguaggi di programmazione 610 1 $alinguaggio c 676 $a004$9Elab. dei dati Scienza degli elab. Informatica 700 1$aAHO,$bAlfred V.$09703 702 1$aUllman,$bJeffrey D. 801 $aIT$bCBS$gISBD$gRICA 912 $a990000228790203316 951 $a004 AHO (A)$b0019033 CBS$c004 951 $a004 AHO (B)$b0019088 CBS$c004 951 $a004 AHO (C)$b0027240 CBS$c004$d00110892 951 $a004 AHO (D)$b0027241 CBS$c004$d00110891 951 $a004 AHO (E)$b0027242$c004$d00110890 959 $aBK 969 $aSCI 979 $c19960903 979 $c20001110$lUSA01$h1714 979 $aALANDI$b90$c20011106$lUSA01$h1133 979 $c20020403$lUSA01$h1631 979 $aPATRY$b90$c20040406$lUSA01$h1616 996 $aFoundations of Computer Science$9336996 997 $aUNISA LEADER 01154nam0 22002893i 450 001 TO00572698 005 20251003044406.0 020 $aIT$b1953 8874 090 $a545593 100 $a20230918d1953 ||||0itac50 ba 101 | $aita 102 $ait 181 1$6z01$ai $bxxxe 182 1$6z01$an 183 1$6z01$anc$2RDAcarrier 200 1 $aˆLe ‰fonti delle obbligazioni secondo le varie classificazioni e la classificazione del nuovo codice civile$fCarmelo Scuto 210 $aNapoli$cLibreria Internazionale Treves$d1953 215 $aVII, 155 p.$d25 cm. 700 1$aScuto$b, Carmelo$3MILV086687$4070$0181654 801 3$aIT$bIT-000000$c20230918 850 $aIT-BN0095 901 $bNAP 01$cD $n$ 912 $aTO00572698 950 0$aBiblioteca Centralizzata di Ateneo$d 01D (AR) 5 932$e 01AR 0070059325 VMA 1 v.$fY $h20230918$i20230918$lFONDO CHIOMENTI$mEx Libris 977 $a 01 996 $aFonti delle obbligazioni secondo le varie classificazioni e la classificazione del nuovo Codice Civile$9581647 997 $aUNISANNIO